000 00315nam a22001457a 4500
008 230614b ||||| |||| 00| 0 eng d
020 _a9780495831587
041 _aeng
080 _a311
082 _a311PFE
100 _a25
101 _aSTAS
245 _aELEMENTARY STATISTICS
_cPFENNING.N
942 _2udc
_cBK
999 _c59963
_d59963